|
|
|
|
| LEADER |
00000cam a22000004a 4500 |
| 001 |
musev2_1379 |
| 003 |
MdBmJHUP |
| 005 |
20230905040216.0 |
| 006 |
m o d |
| 007 |
cr||||||||nn|n |
| 008 |
091231s2010 inu o 00 0 eng d |
| 010 |
|
|
|z 2009052671
|
| 020 |
|
|
|a 9780253004635
|
| 020 |
|
|
|z 0253004632
|
| 020 |
|
|
|z 9780253354976
|
| 035 |
|
|
|a (OCoLC)659864582
|
| 040 |
|
|
|a MdBmJHUP
|c MdBmJHUP
|
| 043 |
|
|
|a s-bo---
|a s-ag---
|
| 050 |
0 |
4 |
|a F3319.1.E85
|b R63 2010
|
| 082 |
0 |
|
|a 305.800984/14
|2 22
|
| 100 |
1 |
|
|a Rockefeller, Stuart Alexander,
|d 1960-
|
| 245 |
1 |
0 |
|a Starting from Quirpini :
|b The Travels and Places of a Bolivian People /
|c Stuart Alexander Rockefeller.
|
| 264 |
|
1 |
|a Bloomington :
|b Indiana University Press,
|c 2010.
|
| 264 |
|
3 |
|a Baltimore, Md. :
|b Project MUSE,
|c 2012
|
| 264 |
|
4 |
|c ©2010.
|
| 300 |
|
|
|a 1 online resource (320 pages):
|b ill., maps ;
|
| 336 |
|
|
|a text
|b txt
|2 rdacontent
|
| 337 |
|
|
|a computer
|b c
|2 rdamedia
|
| 338 |
|
|
|a online resource
|b cr
|2 rdacarrier
|
| 504 |
|
|
|a Includes bibliographical references (p. [289]-298) and index.
|
| 505 |
0 |
|
|a Introduction: disorientations -- Places and history in and about Quirpini -- Bicycles and houses -- The geography of planting corn -- Carnival and the spatial practice of community -- Ethnic politics and the control of movement -- Placing Bolivia in Quirpini: civic ritual and the power of context -- Where do you go when you go to Buenos Aires? -- Conclusion: coming back to Quirpin.
|
| 588 |
|
|
|a Description based on print version record.
|
| 650 |
|
0 |
|a Migrant labor
|z Argentina
|z Buenos Aires.
|
| 650 |
|
0 |
|a Indians of South America
|z Bolivia
|z Estancia Quirpini
|x Economic conditions.
|
| 650 |
|
0 |
|a Indians of South America
|z Bolivia
|z Estancia Quirpini
|x Ethnic identity.
|
| 651 |
|
0 |
|a Estancia Quirpini (Bolivia)
|x Social life and customs.
|
| 651 |
|
0 |
|a Estancia Quirpini (Bolivia)
|x Economic conditions.
|
| 655 |
|
7 |
|a Electronic books.
|2 local
|
| 710 |
2 |
|
|a Project Muse.
|e distributor
|
| 830 |
|
0 |
|a Book collections on Project MUSE.
|
| 856 |
4 |
0 |
|z Texto completo
|u https://projectmuse.uam.elogim.com/book/1379/
|
| 945 |
|
|
|a Project MUSE - Custom Collection
|
| 945 |
|
|
|a Project MUSE - 2010 Archaeology and Anthropology
|
| 945 |
|
|
|a Project MUSE - Archive Latin American and Caribbean Studies Foundation
|
| 945 |
|
|
|a Project MUSE - 2010 Complete
|